Catalog

Record Details

Catalog Search



Available copies

  • 1 of 1 copy available at LARL/NWRL Consortium. (Show)
  • 1 of 1 copy available at Northwest Regional Library.

Current holds

0 current holds with 1 total copy.

Show All Copies
Location Call Number / Copy Notes Barcode Shelving Location Status Due Date
Greenbush Public Library BIT (Text) 35500003149323 Main Available -

Record details

  • ISBN: 0765300664
  • Physical Description: 285 p. ; 22 cm.
  • Edition: 1st ed.
  • Publisher: New York : Forge, 2002.

Content descriptions

General Note:
"A Tom Doherty Associates book."
Subject: Indians of North America > Wars > 1750-1815 > Fiction.
Iroquois Indians > Wars > Fiction.
United States > History > Colonial period, ca. 1600-1775 > Fiction.
United States > History > French and Indian War, 1755-1763 > Fiction.
Genre: Historical fiction.
War stories.
LDR 01229cam a2200325 a 4500
00142422
003LARL_NWRL_CONSORTIUM
00520020508094553.0
008011101s2002 nyu 000 1 eng
020 . ‡a0765300664
035 . ‡a(OCoLC)48397573
040 . ‡aDLC ‡cDLC ‡dYDX
08200. ‡a813/.54 ‡221
099 . ‡aBit
1001 . ‡aBittner, Rosanne, ‡d1945- ‡0(LARL_NWRL_CONSORTIUM)103991
24510. ‡aInto the wilderness : ‡bthe long hunters / ‡cRosanne Bittner.
250 . ‡a1st ed.
260 . ‡aNew York : ‡bForge, ‡c2002.
300 . ‡a285 p. ; ‡c22 cm.
500 . ‡a"A Tom Doherty Associates book."
650 0. ‡aIndians of North America ‡xWars ‡y1750-1815 ‡vFiction. ‡0(LARL_NWRL_CONSORTIUM)169910
650 0. ‡aIroquois Indians ‡xWars ‡vFiction.
651 0. ‡aUnited States ‡xHistory ‡yColonial period, ca. 1600-1775 ‡vFiction. ‡0(LARL_NWRL_CONSORTIUM)163074
651 0. ‡aUnited States ‡xHistory ‡yFrench and Indian War, 1755-1763 ‡vFiction. ‡0(LARL_NWRL_CONSORTIUM)163050
655 7. ‡aHistorical fiction. ‡2gsafd
655 7. ‡aWar stories. ‡2gsafd
901 . ‡a42422 ‡bOCLC ‡c42422 ‡tbiblio

Additional Resources